00297pab a2200121 454500008004000000100001800040245004700058260000900105300001200114362000800126650002200134773001900156180718b2000 xxu||||| |||| 00| 0 eng d aAbdulla, V.K. aTribal custom that helps rural development c2000 ap.20-22 aAug aRural development aSocial Welfare